Formovanie názoru na účtovnú závierku a správa audítora

Na minha lista:
Detalhes bibliográficos
Autor principal: Kareš, Ladislav
Outros Autores: Krišková, Petra, 1981-, Užík, Ján, 1969-, Džupinka, Miroslav
Formato: Livro
Idioma:eslovaco
Publicado em: Bratislava Slovenská komora certifikovaných účtovníkov 2017
Edição:1. vydanie
Assuntos:
Tags: Adicionar Tag
Sem tags, seja o primeiro a adicionar uma tag!

MARC

LEADER 00000nam a2200000 4500
001 0241042
005 20240502073925.5
020 |a 978-80-972525-1-9 
041 0 |a slo 
044 |a SK 
245 1 0 |a Formovanie názoru na účtovnú závierku a správa audítora  |c Ladislav Kareš, Petra Krišková ; lektorovali: Ján Užík, Miroslav Džupinka 
250 |a 1. vydanie 
264 1 |a Bratislava  |b Slovenská komora certifikovaných účtovníkov  |c 2017 
300 |a 138 s. [7,8 AH] 
610 2 0 |a účtovníctvo 
610 2 0 |a závierka účtovná 
610 2 0 |a audit 
610 2 0 |a audítori 
610 2 0 |a audítorstvo 
610 2 0 |a legislatíva 
610 2 0 |a štandardy audítorské medzinárodné 
100 1 |a Kareš, Ladislav 
700 1 |a Krišková, Petra, 1981- 
700 1 |a Užík, Ján, 1969- 
700 1 |a Džupinka, Miroslav